Phương pháp tự luyện đàn guitar

Sách hướng dẫn từ lý thuyết đến thực hành nhằm giúp cho các bạn dễ dàng tiếp cận với guitar theo phương pháp Carulli. Từ các nốt nhạc trên đàn cho tới cách phối âm, sách mang lại nguồn cảm hứng cho người học qua những bài giảng dễ hiể...

Full beskrivning

Sparad:
Bibliografiska uppgifter
Huvudupphovsman: Nguyễn, Tâm Giao
Materialtyp: Bok
Språk:Undetermined
Publicerad: Thành phố Hồ Chí Minh Trẻ 2005
Ämnen:
Taggar: Lägg till en tagg
Inga taggar, Lägg till första taggen!
Thư viện lưu trữ: Trung tâm Học liệu Trường Đại học Cần Thơ
LEADER 01161nam a2200217Ia 4500
001 CTU_132420
008 210402s9999 xx 000 0 und d
020 |c 33000 
082 |a 787.87 
082 |b Gi108 
100 |a Nguyễn, Tâm Giao 
245 0 |a Phương pháp tự luyện đàn guitar 
245 0 |c Nguyễn Tâm Giao 
260 |a Thành phố Hồ Chí Minh 
260 |b Trẻ 
260 |c 2005 
520 |a Sách hướng dẫn từ lý thuyết đến thực hành nhằm giúp cho các bạn dễ dàng tiếp cận với guitar theo phương pháp Carulli. Từ các nốt nhạc trên đàn cho tới cách phối âm, sách mang lại nguồn cảm hứng cho người học qua những bài giảng dễ hiểu và nhiều hình ảnh minh họa và phương pháp tự luyện, tự học rất dễ dàng để đi đến thành công 
650 |a Guitar,Guitar,Guitar 
650 |x Method,Self-instruction,Music,Phương pháp học 
904 |i Trọng Hải 
980 |a Trung tâm Học liệu Trường Đại học Cần Thơ